000 00447nam a2200181Ia 4500
008 090124s9999 xx 000 0 und d
082 _b112558
100 _aबुआ वि.आ.
245 _a पसंत आहे
250 _a1
260 _c1968
300 _a116
600 _aबुआ वि.आ.
630 _a पसंत आहे
700 _aबुआ वि.आ.
730 _a पसंत आहे
942 _cBOOK
999 _c158649
_d158649